<?xml version="1.0" encoding="UTF-8"?>
<record
    xmlns:xsi="http://www.w3.org/2001/XMLSchema-instance"
    xsi:schemaLocation="http://www.loc.gov/MARC21/slim http://www.loc.gov/standards/marcxml/schema/MARC21slim.xsd"
    xmlns="http://www.loc.gov/MARC21/slim">

  <leader>04874ngm a2200781   4500</leader>
  <controlfield tag="003">dpl</controlfield>
  <controlfield tag="005">20090306162149.0</controlfield>
  <controlfield tag="006">a|||||r|||||00| 0 </controlfield>
  <controlfield tag="007">DVD</controlfield>
  <controlfield tag="008">||||||s2003   xxu|||||e|||| 00| 0 eng d</controlfield>
  <datafield tag="010" ind1=" " ind2=" ">
    <subfield code="a">DVD-002100-2102  &amp; DVD-005429-33</subfield>
  </datafield>
  <datafield tag="024" ind1=" " ind2=" ">
    <subfield code="a">794043635526</subfield>
    <subfield code="c">1999for 3 parts</subfield>
  </datafield>
  <datafield tag="028" ind1=" " ind2=" ">
    <subfield code="a">N6355</subfield>
    <subfield code="b">New Line Home Entertainment</subfield>
  </datafield>
  <datafield tag="035" ind1=" " ind2=" ">
    <subfield code="a">DVD-005429-5433</subfield>
  </datafield>
  <datafield tag="035" ind1=" " ind2=" ">
    <subfield code="a">DVD-002100-2102</subfield>
  </datafield>
  <datafield tag="040" ind1=" " ind2=" ">
    <subfield code="a">DPL</subfield>
    <subfield code="c">DPL</subfield>
  </datafield>
  <datafield tag="082" ind1=" " ind2=" ">
    <subfield code="a">DVD TWOT</subfield>
  </datafield>
  <datafield tag="245" ind1=" " ind2=" ">
    <subfield code="a">The Lord of the Rings: the Two Towers</subfield>
    <subfield code="c">New Line Cinema presents a Wingnut Films production ; producers, Barrie M. Osborne, Fran Walsh, Peter Jackson ; screenplay writers, Fran Walsh, Philippa Boyens, Stephen Sinclair, Peter Jackson ; director, Peter Jackson.</subfield>
    <subfield code="h">[videorecording(DVD)] /</subfield>
  </datafield>
  <datafield tag="250" ind1=" " ind2=" ">
    <subfield code="a">Special extended DVD edition</subfield>
  </datafield>
  <datafield tag="260" ind1=" " ind2=" ">
    <subfield code="a">Los Angeles :</subfield>
    <subfield code="b">New Line Home Entertainment,</subfield>
    <subfield code="c">[2003], c2002.</subfield>
  </datafield>
  <datafield tag="300" ind1=" " ind2=" ">
    <subfield code="a">4 videodiscs :</subfield>
    <subfield code="b">sd., col. ;</subfield>
    <subfield code="c">4 3/4 in.</subfield>
    <subfield code="f">DVD</subfield>
  </datafield>
  <datafield tag="500" ind1=" " ind2=" ">
    <subfield code="a">Based on the book by J.R.R. Tolkien.</subfield>
  </datafield>
  <datafield tag="500" ind1=" " ind2=" ">
    <subfield code="a">Special features: On the set - "The lord of the rings: the two towers"; "Return to Middle-earth"; eight featurettes including "Forces of darkness," "sounds of Middle-earth," "Edoras &amp; Rohan culture," "Creatures," "Gandalf the White," "Arms &amp; Armor," "Helm</subfield>
  </datafield>
  <datafield tag="500" ind1=" " ind2=" ">
    <subfield code="a">Winner of 17 Academy Awards</subfield>
  </datafield>
  <datafield tag="500" ind1=" " ind2=" ">
    <subfield code="a">43 minutes of new and extended scenes, 2 discs of all new bonus features </subfield>
  </datafield>
  <datafield tag="500" ind1=" " ind2=" ">
    <subfield code="a">This pack of 4 DVDs is part of "The Lord of the Rings" Trilogy 12 DVD Pack not to be sold separately</subfield>
  </datafield>
  <datafield tag="511" ind1=" " ind2=" ">
    <subfield code="a">Elijah Wood, Ian Mckellen, Liv Tyler, Viggo Mortensen, Sean Astin, Cate Blanchett, John Rhys-Davies, Billy Boyd, Dominic Monaghan, Orlando Bloom, Andy Serkis.</subfield>
  </datafield>
  <datafield tag="520" ind1=" " ind2=" ">
    <subfield code="a">Join Frodo, Gandalf, Aragorn, and brave members of he Fellowship as they continue their quest to destroy the Ring of Power. As darkness descends on Middle-earth, a strange creature named Gollum leads the heroes to the Balck Gates of Mordor. The rest of Mi</subfield>
  </datafield>
  <datafield tag="538" ind1=" " ind2=" ">
    <subfield code="a">DVD, Dolby digital, Dolby surround, Region 1 encoding.</subfield>
  </datafield>
  <datafield tag="650" ind1=" " ind2=" ">
    <subfield code="a">Baggins, Frodo (Fictitious character)</subfield>
  </datafield>
  <datafield tag="650" ind1=" " ind2=" ">
    <subfield code="a">Middle Earth (Imaginary place)</subfield>
  </datafield>
  <datafield tag="655" ind1=" " ind2=" ">
    <subfield code="a">Feature films.</subfield>
  </datafield>
  <datafield tag="655" ind1=" " ind2=" ">
    <subfield code="a">Video recordings for the hearing impaired.</subfield>
  </datafield>
  <datafield tag="700" ind1=" " ind2=" ">
    <subfield code="a">Osborne, Barrie.</subfield>
  </datafield>
  <datafield tag="700" ind1=" " ind2=" ">
    <subfield code="a">Walsh, Fran,</subfield>
    <subfield code="d">1959-</subfield>
  </datafield>
  <datafield tag="700" ind1=" " ind2=" ">
    <subfield code="a">Jackson, Peter,</subfield>
    <subfield code="d">1961-</subfield>
  </datafield>
  <datafield tag="700" ind1=" " ind2=" ">
    <subfield code="a">Boyens, Philippa.</subfield>
  </datafield>
  <datafield tag="700" ind1=" " ind2=" ">
    <subfield code="a">Sinclair, Stephen.</subfield>
  </datafield>
  <datafield tag="700" ind1=" " ind2=" ">
    <subfield code="a">Wood, Elijah,</subfield>
    <subfield code="d">1981-</subfield>
  </datafield>
  <datafield tag="700" ind1=" " ind2=" ">
    <subfield code="a">McKellen, Ian.</subfield>
  </datafield>
  <datafield tag="700" ind1=" " ind2=" ">
    <subfield code="a">Tyler, Liv.</subfield>
  </datafield>
  <datafield tag="700" ind1=" " ind2=" ">
    <subfield code="a">Mortensen, Viggo,</subfield>
    <subfield code="d">1958-</subfield>
  </datafield>
  <datafield tag="700" ind1=" " ind2=" ">
    <subfield code="a">Astin, Sean.</subfield>
  </datafield>
  <datafield tag="700" ind1=" " ind2=" ">
    <subfield code="a">Blanchett, Cate,</subfield>
    <subfield code="d">1969-</subfield>
  </datafield>
  <datafield tag="700" ind1=" " ind2=" ">
    <subfield code="a">Rhys-Davies, John.</subfield>
  </datafield>
  <datafield tag="700" ind1=" " ind2=" ">
    <subfield code="a">Boyd, Billy,</subfield>
    <subfield code="d">1968-</subfield>
  </datafield>
  <datafield tag="700" ind1=" " ind2=" ">
    <subfield code="a">Monaghan, Dominic,</subfield>
    <subfield code="d">1976-</subfield>
  </datafield>
  <datafield tag="700" ind1=" " ind2=" ">
    <subfield code="a">Bloom, Orlando, 1977-</subfield>
  </datafield>
  <datafield tag="700" ind1=" " ind2=" ">
    <subfield code="a">Serkis, Andy.</subfield>
  </datafield>
  <datafield tag="700" ind1=" " ind2=" ">
    <subfield code="a">Horton, Michael.</subfield>
  </datafield>
  <datafield tag="700" ind1=" " ind2=" ">
    <subfield code="a">Shore, Howard.</subfield>
  </datafield>
  <datafield tag="700" ind1=" " ind2=" ">
    <subfield code="a">Dickson, Ngila.</subfield>
  </datafield>
  <datafield tag="700" ind1=" " ind2=" ">
    <subfield code="a">Major, Grant.</subfield>
  </datafield>
  <datafield tag="700" ind1=" " ind2=" ">
    <subfield code="a">Tolkien, J. R. R.</subfield>
    <subfield code="d">1892-1973.</subfield>
  </datafield>
  <datafield tag="710" ind1=" " ind2=" ">
    <subfield code="a">New Line Cinema Corporation.</subfield>
  </datafield>
  <datafield tag="710" ind1=" " ind2=" ">
    <subfield code="a">WingNut Films (Firm)</subfield>
  </datafield>
  <datafield tag="942" ind1=" " ind2=" ">
    <subfield code="a">ONe</subfield>
    <subfield code="c">CF</subfield>
    <subfield code="2">ddc</subfield>
    <subfield code="h">DVD</subfield>
    <subfield code="m">TWOT</subfield>
  </datafield>
  <datafield tag="999" ind1=" " ind2=" ">
    <subfield code="c">24975</subfield>
    <subfield code="d">24975</subfield>
  </datafield>
  <datafield tag="952" ind1=" " ind2=" ">
    <subfield code="0">0</subfield>
    <subfield code="1">0</subfield>
    <subfield code="2">ddc</subfield>
    <subfield code="4">0</subfield>
    <subfield code="7">0</subfield>
    <subfield code="a">L</subfield>
    <subfield code="b">L</subfield>
    <subfield code="d">2009-03-06</subfield>
    <subfield code="e">Purchase</subfield>
    <subfield code="g">1999.00</subfield>
    <subfield code="l">29</subfield>
    <subfield code="o">DVD TWO</subfield>
    <subfield code="p">DVD-002100</subfield>
    <subfield code="r">2014-02-21 00:00:00</subfield>
    <subfield code="s">2014-02-08</subfield>
    <subfield code="t">1</subfield>
    <subfield code="v">1999.00</subfield>
    <subfield code="w">2009-03-06</subfield>
    <subfield code="y">CF</subfield>
  </datafield>
  <datafield tag="952" ind1=" " ind2=" ">
    <subfield code="0">0</subfield>
    <subfield code="1">0</subfield>
    <subfield code="2">ddc</subfield>
    <subfield code="4">0</subfield>
    <subfield code="7">0</subfield>
    <subfield code="a">ZLS</subfield>
    <subfield code="b">ZLS</subfield>
    <subfield code="d">2009-03-06</subfield>
    <subfield code="e">Purchase</subfield>
    <subfield code="g">1999.00</subfield>
    <subfield code="l">31</subfield>
    <subfield code="m">1</subfield>
    <subfield code="o">DVD TWO</subfield>
    <subfield code="p">DVD-002101</subfield>
    <subfield code="r">2017-06-13 00:00:00</subfield>
    <subfield code="s">2017-05-31</subfield>
    <subfield code="t">1</subfield>
    <subfield code="v">1999.00</subfield>
    <subfield code="w">2009-03-06</subfield>
    <subfield code="y">CF</subfield>
  </datafield>
  <datafield tag="952" ind1=" " ind2=" ">
    <subfield code="0">0</subfield>
    <subfield code="1">0</subfield>
    <subfield code="2">ddc</subfield>
    <subfield code="4">0</subfield>
    <subfield code="7">0</subfield>
    <subfield code="a">BL1</subfield>
    <subfield code="b">BL1</subfield>
    <subfield code="d">2009-03-06</subfield>
    <subfield code="e">Purchase</subfield>
    <subfield code="g">1999.00</subfield>
    <subfield code="l">23</subfield>
    <subfield code="o">DVD TWO</subfield>
    <subfield code="p">DVD-002102</subfield>
    <subfield code="r">2013-02-04 00:00:00</subfield>
    <subfield code="s">2013-01-05</subfield>
    <subfield code="t">1</subfield>
    <subfield code="v">1999.00</subfield>
    <subfield code="w">2009-03-06</subfield>
    <subfield code="y">CF</subfield>
  </datafield>
  <datafield tag="952" ind1=" " ind2=" ">
    <subfield code="0">0</subfield>
    <subfield code="1">0</subfield>
    <subfield code="2">ddc</subfield>
    <subfield code="4">0</subfield>
    <subfield code="7">0</subfield>
    <subfield code="a">JP</subfield>
    <subfield code="b">JP</subfield>
    <subfield code="d">2009-12-17</subfield>
    <subfield code="e">Pioneers/885/29-10-09/325/13-10-09 /06-11-09 </subfield>
    <subfield code="g">1999.00</subfield>
    <subfield code="l">18</subfield>
    <subfield code="m">1</subfield>
    <subfield code="o">DVD TWOT</subfield>
    <subfield code="p">DVD-005429</subfield>
    <subfield code="r">2013-07-03 00:00:00</subfield>
    <subfield code="s">2013-06-20</subfield>
    <subfield code="t">1</subfield>
    <subfield code="v">1999.00</subfield>
    <subfield code="w">2009-12-17</subfield>
    <subfield code="y">CF</subfield>
  </datafield>
  <datafield tag="952" ind1=" " ind2=" ">
    <subfield code="0">0</subfield>
    <subfield code="1">0</subfield>
    <subfield code="2">ddc</subfield>
    <subfield code="4">0</subfield>
    <subfield code="7">0</subfield>
    <subfield code="a">RKP</subfield>
    <subfield code="b">RKP</subfield>
    <subfield code="d">2009-12-17</subfield>
    <subfield code="e">Pioneers/885/29-10-09/325/13-10-09 /06-11-09 </subfield>
    <subfield code="g">1999.00</subfield>
    <subfield code="l">10</subfield>
    <subfield code="o">DVD TWOT</subfield>
    <subfield code="p">DVD-005430</subfield>
    <subfield code="r">2018-02-13 00:00:00</subfield>
    <subfield code="s">2018-02-09</subfield>
    <subfield code="t">1</subfield>
    <subfield code="v">1999.00</subfield>
    <subfield code="w">2009-12-17</subfield>
    <subfield code="y">CF</subfield>
  </datafield>
  <datafield tag="952" ind1=" " ind2=" ">
    <subfield code="0">0</subfield>
    <subfield code="1">0</subfield>
    <subfield code="2">ddc</subfield>
    <subfield code="4">0</subfield>
    <subfield code="7">0</subfield>
    <subfield code="a">VP</subfield>
    <subfield code="b">VP</subfield>
    <subfield code="d">2009-12-17</subfield>
    <subfield code="e">Pioneers/885/29-10-09/325/13-10-09 /06-11-09 </subfield>
    <subfield code="g">1999.00</subfield>
    <subfield code="l">16</subfield>
    <subfield code="m">1</subfield>
    <subfield code="o">DVD TWOT</subfield>
    <subfield code="p">DVD-005431</subfield>
    <subfield code="r">2013-12-19 00:00:00</subfield>
    <subfield code="s">2013-07-10</subfield>
    <subfield code="t">1</subfield>
    <subfield code="v">1999.00</subfield>
    <subfield code="w">2009-12-17</subfield>
    <subfield code="y">CF</subfield>
  </datafield>
  <datafield tag="952" ind1=" " ind2=" ">
    <subfield code="0">0</subfield>
    <subfield code="1">0</subfield>
    <subfield code="2">ddc</subfield>
    <subfield code="4">0</subfield>
    <subfield code="7">0</subfield>
    <subfield code="a">BL3</subfield>
    <subfield code="b">BL3</subfield>
    <subfield code="d">2009-12-17</subfield>
    <subfield code="e">Pioneers/885/29-10-09/325/13-10-09 /06-11-09 </subfield>
    <subfield code="g">1999.00</subfield>
    <subfield code="l">14</subfield>
    <subfield code="o">DVD TWOT</subfield>
    <subfield code="p">DVD-005432</subfield>
    <subfield code="r">2014-07-07 00:00:00</subfield>
    <subfield code="s">2014-06-09</subfield>
    <subfield code="t">1</subfield>
    <subfield code="v">1999.00</subfield>
    <subfield code="w">2009-12-17</subfield>
    <subfield code="y">CF</subfield>
  </datafield>
  <datafield tag="952" ind1=" " ind2=" ">
    <subfield code="0">0</subfield>
    <subfield code="1">0</subfield>
    <subfield code="2">ddc</subfield>
    <subfield code="4">0</subfield>
    <subfield code="7">0</subfield>
    <subfield code="a">NR</subfield>
    <subfield code="b">NR</subfield>
    <subfield code="d">2009-12-17</subfield>
    <subfield code="e">Pioneers/885/29-10-09/325/13-10-09 /06-11-09 </subfield>
    <subfield code="g">1999.00</subfield>
    <subfield code="l">8</subfield>
    <subfield code="m">1</subfield>
    <subfield code="o">DVD TWOT</subfield>
    <subfield code="p">DVD-005433</subfield>
    <subfield code="r">2014-01-02 00:00:00</subfield>
    <subfield code="s">2013-12-18</subfield>
    <subfield code="t">1</subfield>
    <subfield code="v">1999.00</subfield>
    <subfield code="w">2009-12-17</subfield>
    <subfield code="y">CF</subfield>
  </datafield>
</record>
